000 01273cam a2200289 i 4500
003 SA-RiAUC
005 20251119135925.0
008 251118s1983 le g b 00000 ara c
040 _aSA-RiAUC
_bara
_cSA-RiAUC
_erda
082 0 4 _a254.2
_qSA-RiAUC
090 _a254.2
_bا ب ن ب
100 1 _aابن بطة، عبيد الله بن محمد بن محمد،
_d304-387 هجري
_eمؤلف.
245 1 0 _aإبطال الحيل /
_cلعبيد الله بن بطة العقيلي ؛ تحقيق زهير الشاويش.
250 _aالطبعة الأولى.
264 1 _aبيروت :
_bالمكتب الإسلامي،
_c1983
300 _a71 صفحة ؛
_c19 سم
336 _aنص
_btxt
_2rdacontent
_3كتاب
337 _aبدون وسيط
_bn
_2rdamedia
338 _aمجلد
_bnc
_2rdacarrier
504 _aيشتمل على إرجاعات ببليوجرافية.
650 7 _aالحيل الشرعية
_2aucsh
650 7 _aالطلاق (فقه إسلامي)
_2aucsh
700 1 _aالشاويش، زهير،
_d1925-2013
_eمحقق.
700 1 2 _iتحقيق لـ (عمل) :
_aابن بطة، عبيد الله بن محمد بن محمد،
_d304-387 هجري.
_tإبطال الحيل.
942 _2ddc
_cBOOK
_n0
949 _aSA-JeALM
_d251118
_umohamedma123
_n1
999 _c13357
_d13357